LEADER 00722cam0 2200241 450 001 E600200042589 005 20210608073131.0 100 $a20081201d1970 |||||ita|0103 ba 101 $aita 102 $aIT 200 1 $a<>Leninismo$fLuciano Pellicani 210 $aRoma$cUIPC$d1970 215 $a95 p.$d21 cm 700 1$aPellicani$b, Luciano$3A600200032398$4070$0121172 801 0$aIT$bUNISOB$c20210608$gRICA 850 $aUNISOB 852 $aUNISOB$j320$m65251 912 $aE600200042589 940 $aM 102 Monografia moderna SBN 941 $aM 957 $a320$b001481$gSi$d65251$rDono$1pregresso2$2UNISOB$3UNISOB$420081201104709.0$520200109093317.0$6Spinosa 996 $aLeninismo$91680884 997 $aUNISOB